000 00633nam a2200181 a 4500
001 000036459
005 20200930075737.0
008 120118s1966 mx 000 0 spa d
040 _aDO-SdBNP
_bspa
_cBNPHU
100 1 _aMendieta Alatorre, Angeles
_920845
245 1 0 _aTablada y la gran época de la transformacón cultural /
_cAngeles Mendieta Alatorre.
260 _aMéxico :
_bSecretaría de Educación Pública,
_c1966.
300 _a61 p. ;
_c17 cm.
490 1 _aCuadernos de lectura popular
_v19
490 1 _aLa honda del espíritu
830 0 _aCuadernos de lectura popular
_99145
830 0 _aLa hona del espíritu
_962678
999 _c35950
_d35950